000 01284nam a2200325 c 4500
999 _c181566
_d181566
003 BLK
005 20221128151811.0
008 180411b bul|||||r ||||||| ||bul||
010 _aKNG00190472000
040 _aBLK
041 _aBUL
_cBUL
080 _aВоенно дело. Военни науки. Народна отбрана. Въоръжени сили
_b355/359
_x(497.2)
_z355/359(497.2)
080 _aБългарска литература
_b821.163.2
_x-32
_z821.163.2-32
100 1 _aГаговски, Никола
_eпърви автор
_9269099
139 _aГаговски, Никола
_bГ 14
245 1 0 _aИзтрелът не се повтаря
_bДокум. повест за героя-граничар капитан Гено Коев
_cНикола Гаговски.
257 _aBGR
260 _bВоен. изд.
_c1979
300 _a104 с.
_c20 см
380 _a3
490 _aБиблиотека Завинаги в строя
_9205511
650 4 _aГраничари, български
_9152546
651 4 _aБългария
_9241624
653 _aграничари
852 _aЦб 98664
856 4 _qpdf
_i0.00
_ldisable
856 4 _qpdf
_i0.00
_ldisable
942 _cKNG
_n0
_s1
944 _aCR
_c16.09.2016
_kКамелия_Данева
944 _aED
_c16.09.2016
_kКамелия_Данева
999 _d181566